[Event "XII Americas Continental-ch 2017"]
[Site "Medellin"]
[Date "2017.06.11"]
[Round "1"]
[White "Iturrizaga Bonelli, Eduardo"]
[Black "Remicio Duque, John H"]
[Result "1-0"]
[WhiteElo "2663"]
[BlackElo "2110"]
[Annotator "TA"]
[PlyCount "56"]
[EventDate "2017.??.??"]
[EventType "swiss"]
[EventCountry "COL"]
[SourceTitle "playchess.com"]
[Source "ChessBase"]
[SourceQuality "1"]

{[%evp 13,56,21,74,-5,34,27,99,103,102,100,102,108,109,114,110,104,144,146,157,147,200,185,240,242,267,267,269,269,272,266,269,263,272,265,272,270,272,264,270,280,374,359,331,250,353]} 1. Nf3 Nf6 2. c4 c6 3. g3 d5 4. Bg2 e6 5. O-O Nbd7 6. d4 dxc4 7. a4 Bb4 {LiveBook: 8 Games. E04: Open Catalan: 5 Nf3} (7... b6 $11) (7... a5 8. Qc2 b5 9. axb5 cxb5 10. Ne5 Nd5 11. Nc3 Nxe5 12. dxe5 Nb4 13. Qe4 Rb8 14. Rd1 Qc7 15. Bg5 Bd7 {1-0 (26) Perez Ponsa,F (2586)-Flores,D (2590) Villa Martelli 2016}) 8. Nfd2 (8. Nbd2 $16) 8... O-O $146 ({Predecessor:} 8... e5 9. Nxc4 exd4 10. Qxd4 O-O 11. Bf4 Nc5 12. Nd6 a5 13. Qe3 Be6 14. Nc3 Bb3 15. Rfc1 {1-0 (51) Chekletsov,I (2113)-Rydl,J (2427) Pardubice 2015}) 9. Nxc4 Re8 (9... Qe7 $11) 10. a5 $16 Qe7 11. Qb3 Nb8 12. Nc3 Na6 13. Rd1 Rd8 14. Na2 Bd7 15. e4 Be8 16. Bf4 Rac8 (16... h6 $16 17. Nxb4 Nxb4) 17. Rac1 h6 (17... Nd5 {was worth a try.}) 18. Nxb4 $18 Qxb4 19. Qxb4 Nxb4 20. Nd6 Rc7 21. Nxe8 Nxe8 22. Bxc7 Nxc7 23. Bf1 f5 24. f3 Kf7 25. Kf2 g5 26. Rc3 b6 27. axb6 axb6 28. Be2 Ke8 {Precision: White = 86%, Black = 32%.} (28... b5 $142 29. Rcc1 Kg7) 1-0

[Event "XII Americas Continental-ch 2017"]
[Site "Medellin"]
[Date "2017.06.11"]
[Round "1"]
[White "Cordova, Emilio"]
[Black "Ramirez Gonzalez, Mauricio"]
[Result "1-0"]
[WhiteElo "2651"]
[BlackElo "2108"]
[Annotator "TA"]
[PlyCount "59"]
[EventDate "2017.??.??"]
[EventType "swiss"]
[EventCountry "COL"]
[SourceTitle "playchess.com"]
[Source "ChessBase"]
[SourceQuality "1"]

{[%evp 22,59,65,54,47,45,77,81,106,65,84,74,82,91,122,109,135,135,142,148,150,141,150,141,241,268,488,416,436,442,831,810,815,797,1037,1013,2738,2679,2151,964]} 1. d4 e6 2. c4 d5 3. Nc3 Nf6 4. cxd5 exd5 5. Bg5 Be7 6. e3 c6 7. Qc2 Nbd7 {[%cal Bb8d7,Bd7f8,Bf8e6][%mdl 32]} 8. Bd3 Nf8 9. Nf3 Ne6 10. Bh4 g6 11. O-O Ng7 12. b4 O-O {D36: Queen's Gambit Declined: Exchange Variation: Main line (5 Bg5 c6 6 Qc2)} (12... a6 13. Bxf6 Bxf6 14. a4 O-O 15. b5 a5 16. bxc6 bxc6 17. Ne2 Bd7 18. Rab1 Rb8 19. Nf4 Qe7 20. Be2 {½-½ (59) Harikrishna,P (2679)-Grachev,B (2610) Dagomys 2008}) 13. b5 cxb5 14. Nxb5 Bf5 $146 {White is better.} ({Predecessor:} 14... Be6 15. Rfc1 Nfe8 16. Bxe7 Qxe7 17. Qc5 Qxc5 18. dxc5 f6 19. Rab1 Rf7 20. Nfd4 {½-½ (82) Geller,E-Barcza,G Stockholm 1962}) 15. Bxf5 Nxf5 16. Bxf6 $1 Bxf6 17. Qb3 Qa5 18. Rac1 Rac8 19. Qxd5 Rxc1 20. Rxc1 {[%cal Bf1c1,Bc1c7,Bc7c8][%mdl 32]} a6 21. Nc3 Qa3 {[#]} 22. Ne2 $1 Re8 (22... Rd8 $16 {is a better defense.} 23. Qxb7 Qxa2) 23. Rc7 $18 Re7 $2 (23... Ne7 {was necessary.} 24. Qxb7 Qxa2) 24. Rc8+ Kg7 25. Qd8 {[%csl Gc8][%cal Rd8f8] White is clearly winning.} Rxe3 (25... Kh6 $142 26. h3 Re6) 26. Qg8+ Kh6 27. fxe3 Ne7 28. Qxf7 {[#] White wants to mate with Qf8+.} Qxe3+ 29. Kf1 Nxc8 30. Qxf6 {Precision: White = 97%, Black = 21%.} (30. Qf8+ $142 Bg7 31. Qxc8) 1-0

[Event "XII Americas Continental-ch 2017"]
[Site "Medellin"]
[Date "2017.06.11"]
[Round "1"]
[White "Kovalyov, Anton"]
[Black "Chirivi C, Angie Lizeth"]
[Result "1-0"]
[WhiteElo "2643"]
[BlackElo "2105"]
[Annotator "TA"]
[PlyCount "123"]
[EventDate "2017.??.??"]
[EventType "swiss"]
[EventCountry "COL"]
[SourceTitle "playchess.com"]
[Source "ChessBase"]
[SourceQuality "1"]

{[%evp 16,123,35,35,47,52,104,87,87,94,93,99,79,80,140,135,127,102,91,64,66,61,44,-3,16,0,0,-27,6,0,43,-6,-3,-38,-32,-32,16,33,56,58,69,33,56,18,91,84,86,47,48,57,98,93,132,81,157,148,185,22,17,0,0,0,33,8,124,138,158,135,155,162,210,209,209,206,198,165,192,186,185,143,227,254,246,194,497,516,610,558,1142,1041,987,960,12840,12840,12841,12841,12841,12837,29988,29989,29989,29990,29990,29991,29991,29992,29992,12849,12849,12850]} 1. c4 Nf6 2. Nf3 g6 3. Nc3 d5 4. cxd5 Nxd5 5. Qb3 Nb6 6. d4 Bg7 7. Bf4 O-O 8. Rd1 c6 9. e4 Be6 {D90: Grünfeld: 4 Nf3 Bg7 sidelines} 10. Qc2 Bc4 $146 (10... Bg4 $14) ({Predecessor:} 10... Bg4 11. Be2 Bxf3 12. Bxf3 Bxd4 13. Ne2 c5 14. b4 Qc8 15. Nxd4 cxd4 16. Qb3 Qc3+ 17. Qxc3 dxc3 {½-½ (37) Can,E (2555)-Anwuli,D (2365) Dubai 2016}) 11. Bxc4 $16 Nxc4 {White is better.} 12. Qe2 Nb6 13. h4 {[%cal Bh2h4,Bh4h5][%mdl 32]} N8d7 14. e5 e6 (14... Nd5 $142 15. Nxd5 cxd5) 15. h5 Nd5 16. Nxd5 cxd5 17. Ng5 {[%cal Bf3g5,Bg5h3,Bh3f2][%mdl 32]} h6 $1 {[%cal Rh6g5]} 18. Nh3 g5 19. Bd2 (19. Nxg5 $5 Qa5+ 20. Kf1 $14) 19... f5 20. exf6 Qxf6 21. f4 g4 22. Qxg4 Qxd4 (22... Qf5 $5 {[%cal Rf5g4]} 23. Nf2 Rac8 $11) 23. Nf2 Rae8 24. O-O {[#] Strongly threatening Bc3.} Qxb2 25. Rfe1 Nf6 26. Qg6 Ne4 27. Nxe4 dxe4 28. Be3 $40 {[%mdl 128] White attacks.} (28. Bc1 $5 {[%cal Rc1b2]} Qf6 29. Qxe4 $14 (29. Rxe4 Qxg6 30. hxg6 Rf6 $11)) 28... Qf6 29. Rd7 Re7 (29... Qxg6 $11 30. hxg6 b5) 30. Rxe7 Qxe7 31. Rc1 Kh8 32. Qxe4 b6 33. g3 Qd7 34. Kg2 ({White should try} 34. g4) 34... Rg8 (34... Qb5 $142) 35. Rc6 Qd1 36. Qf3 $2 (36. Rxe6 $18 {Hoping for Bd4!} Qe2+ 37. Bf2 Qxa2 38. Rd6 (38. Re7 a5 $18)) 36... Qa4 $1 $11 37. Rc7 (37. a3 $5) 37... Qxa2+ 38. Kh3 Qa1 39. Re7 (39. Rc6 $5 {[%cal Rc6e6]}) 39... Qa5 (39... Qa2 $11 {remains equal.}) 40. g4 $16 (40. Rxe6 $6 Qf5+ 41. Qg4 Qd5 $11) 40... Qa2 41. Qe4 Qe2 42. Rxe6 Bf6 43. Qg2 Qd3 44. Qf3 ({Don't play} 44. Rxf6 $6 Qxe3+ 45. Qg3 Qxg3+ 46. Kxg3 Kh7 $14) 44... Rf8 45. Kg2 Qc2+ 46. Kg3 {[#] Rxf6! is the strong threat.} Qc3 47. Qd1 a5 (47... b5 $16 {was called for.}) 48. Qd2 $18 Qxd2 49. Bxd2 {[%mdl 4096] Endgame KRB-KRB} Bd4 $2 (49... Kg7 {is more resistant.} 50. Rxb6 Ra8) 50. Rxh6+ Kg7 51. Rd6 Bc5 52. Bc3+ Kf7 53. Rf6+ Ke8 54. Rxf8+ Bxf8 {KB-KB} 55. g5 {[%cal Bg4g5,Bg5g6][%mdl 32]} Kf7 56. Kg4 Bg7 57. g6+ Kg8 58. Bxg7 Kxg7 59. Kg5 a4 60. h6+ Kg8 61. Kf6 (61. h7+ $142 Kg7 62. f5 Kf8 63. h8=Q+ Ke7 64. g7 Kd6 65. g8=Q Kc6 66. Qe8+ Kd5 67. Qhe5+ Kc4 68. Q8b5#) 61... a3 62. h7+ {Precision: White = 54%, Black = 28%.} 1-0

[Event "XII Americas Continental-ch 2017"]
[Site "Medellin"]
[Date "2017.06.11"]
[Round "1"]
[White "Delgado Ramirez, Neuris"]
[Black "Salcedo, Pablo Esteban"]
[Result "1-0"]
[WhiteElo "2613"]
[BlackElo "2103"]
[Annotator "TA"]
[PlyCount "81"]
[EventDate "2017.??.??"]
[EventType "swiss"]
[EventCountry "COL"]
[SourceTitle "playchess.com"]
[Source "ChessBase"]
[SourceQuality "1"]

{[%evp 9,81,23,77,58,55,63,76,23,86,66,123,91,98,97,134,134,181,52,64,43,45,58,102,95,102,91,104,99,122,98,130,132,141,138,145,137,156,149,168,162,179,184,182,178,185,191,187,180,176,195,338,343,422,421,417,416,391,375,419,426,1070,1083,1078,994,1047,1041,1018,953,954,941,873,745,1709,1712]} 1. e4 c5 2. Nf3 d6 3. c3 Nf6 4. Be2 Nc6 5. d4 e5 ({Avoid the trap} 5... Nxe4 $2 6. d5 $18) (5... cxd4 $11 6. cxd4 Nxe4) 6. dxe5 {B50: Sicilian: 2...d6, Miscellaneous} (6. d5 Ne7 7. O-O Ng6 8. Re1 Be7 9. Nfd2 O-O 10. Bf1 Ne8 11. Nc4 f5 12. Nbd2 Bg5 13. a4 Nf6 {1-0 (59) Sivokho,S (2483)-Frolov,A (2297) St Petersburg 2004}) 6... dxe5 7. Qxd8+ Kxd8 8. Bb5 $146 ({Better is} 8. Nbd2 $16) ({Predecessor:} 8. Bg5 Be7 9. Nbd2 Ng4 10. Nc4 Bxg5 11. Nxg5 Ke7 12. Bxg4 Bxg4 13. Ne3 Be6 14. Nxe6 Kxe6 {1-0 (48) Xu,X (2101)-Nanjo,R (2321) Bangkok 2014}) 8... Bg4 (8... Bd6 $11) 9. Nbd2 Bd6 (9... Nd7 $14) 10. Bxc6 bxc6 11. Nc4 Kc7 12. Nfxe5 Be6 13. f3 (13. Nxd6 $18 Kxd6 14. Bf4) 13... Nd7 $1 $14 14. Nxd6 Nxe5 15. Nf5 Nd3+ 16. Ke2 Nxc1+ 17. Rhxc1 Bxf5 18. exf5 $16 {[%mdl 4096] Endgame KRR-KRR} Rhe8+ 19. Kf2 Rab8 20. Rc2 Re5 21. g4 Rbe8 22. Rd1 f6 23. Rd3 R8e7 24. Rcd2 Re1 25. Rd8 Rh1 26. Kg3 Rg1+ 27. Kf4 h6 28. R8d3 Rge1 29. Kg3 R1e2 (29... Rf1 {is a better defense.} 30. c4 Rg1+ 31. Kf4 Ra1) 30. Rd7+ $18 Kb6 31. Rxe2 Rxd7 {KR-KR} 32. Kh4 Kb5 33. Kh5 Kc4 34. Re3 a5 (34... Kb5 $142 35. Kg6 Rb7) 35. b3+ Kb5 36. a4+ Kb6 37. c4 Kc7 38. Kg6 Kd8 39. h4 Rb7 40. f4 Rd7 41. g5 {Precision: White = 73%, Black = 29%.} 1-0

[Event "XII Americas Continental-ch 2017"]
[Site "Medellin"]
[Date "2017.06.11"]
[Round "1"]
[White "Pichot, Alan"]
[Black "Saltos Velez, Adrian"]
[Result "1-0"]
[WhiteElo "2577"]
[BlackElo "2099"]
[Annotator "TA"]
[PlyCount "47"]
[EventDate "2017.??.??"]
[EventType "swiss"]
[EventCountry "COL"]
[SourceTitle "playchess.com"]
[Source "ChessBase"]
[SourceQuality "1"]

{[%evp 12,47,50,50,128,122,110,123,126,66,125,90,173,181,220,218,295,291,303,299,356,318,350,311,300,302,547,563,445,437,443,454,444,435,408,406,417,353]} 1. e4 c5 2. Nf3 g6 3. d4 Bg7 4. dxc5 Qa5+ 5. c3 Qxc5 6. Na3 {B27: Sicilian: 2 Nf3, unusual Black 2nd moves} d6 (6... Nf6 7. Be3 Qa5 8. Nc4 Qc7 9. e5 Ng4 10. Bf4 b5 11. Ne3 Nxe3 12. fxe3 e6 13. Bxb5 Qb6 {½-½ (32) Nepomniachtchi,I (2705)-Guseinov,G (2649) Ashdod 2015}) 7. Nb5 {LiveBook: 33 Games. Hoping for Be3.} b6 (7... a6 $14 8. Be3 Qc6) 8. Be3 $16 {White is better.} Qc6 9. Qb3 Be6 10. Qb4 $146 (10. Qa4 $16 Bd7 11. Qc4) ({Predecessor:} 10. Qa4 Kf8 11. Nfd4 Bxd4 12. Qxd4 Nf6 13. f3 h5 {1-0 (45) Czarnota,P (2530)-Goslawski,M (1990) Krakow 2009}) 10... Qb7 (10... Qc8 $14) 11. Ng5 {Strongly threatening Qa4.} ({Reject} 11. Qxd6 $6 exd6 12. Nxd6+ Kd8 $11) 11... Nc6 (11... a6 $16 {was called for.}) 12. Qxd6 $1 $18 exd6 13. Nxd6+ Kd7 14. Nxb7 Kc7 15. O-O-O Bxa2 16. Nd6 Nh6 17. Bc4 Bxc4 18. Nxc4 b5 $2 {[#]} (18... Ne5 {was necessary.}) 19. Bf4+ Kb7 20. Nd6+ Ka6 21. Kc2 Be5 22. Ra1+ Kb6 23. Be3+ Kc7 24. Ndxf7 {Precision: White = 85%, Black = 36%.} 1-0

[Event "XII Americas Continental-ch 2017"]
[Site "Medellin"]
[Date "2017.06.11"]
[Round "1"]
[White "Peralta, Fernando"]
[Black "Benavides Montenegro, Maicol"]
[Result "1-0"]
[WhiteElo "2569"]
[BlackElo "2090"]
[Annotator "TA"]
[PlyCount "79"]
[EventDate "2017.??.??"]
[EventType "swiss"]
[EventCountry "COL"]
[SourceTitle "playchess.com"]
[Source "ChessBase"]
[SourceQuality "1"]

{[%evp 21,79,0,26,32,73,65,65,64,54,24,33,25,63,52,97,109,179,186,202,183,176,142,183,191,164,81,66,60,96,102,104,104,153,159,173,163,395,383,365,268,311,312,442,438,618,542,595,587,12837,12837,12840,12840,12841,12841,12841,12841,29980,29979,12845,12845]} 1. d4 Nf6 2. c4 g6 3. Nc3 Bg7 4. e4 d6 5. h3 O-O 6. Be3 c5 7. Nf3 cxd4 8. Nxd4 Nc6 9. Be2 Bd7 10. O-O Rc8 11. Nb3 Ne5 12. Nd2 {B38: Sicilian: Maroczy Bind with 5...Bg7 and 7...0-0} (12. c5 Bc6 13. Qb1 dxc5 14. Nxc5 b6 15. Nb3 Bb7 16. Nd2 Nc6 17. Rd1 Qc7 18. a3 Rfd8 19. Qa2 e6 {½-½ (65) Cramling,P (2488)-Arakhamia Grant,K (2435) Catalan Bay 2004}) 12... Bc6 13. b4 $146 ({But not} 13. Bxa7 b6 $15) ({Predecessor:} 13. f4 Ned7 14. Bf3 b6 15. Qe2 Re8 16. g4 h6 {1-0 (34) Faraj,Y (2252)-Elbaba,E (2185) Beirut 2009}) 13... b6 14. Rc1 {White is slightly better.} Ba8 15. f4 Nc6 16. a3 Nd7 17. Nb3 $36 {[%mdl 2048] White is pushing.} f5 18. Bf3 Nf6 (18... Qe8 $16) 19. exf5 $18 gxf5 20. b5 Na5 21. Bxa8 Rxa8 22. Nxa5 bxa5 23. Nd5 (23. Qd3 $18) 23... Ne4 $16 24. Bd4 Bxd4+ 25. Qxd4 e6 {[#]} 26. Nc3 $1 Qf6 {[#]} 27. Rfd1 $1 Nxc3 28. Rxc3 {aiming for Qxf6.} Rad8 $2 (28... Qxd4+ {was worth a try.} 29. Rxd4 Rad8) 29. Rg3+ $18 Kh8 30. Qxf6+ Rxf6 {[%mdl 4096] Endgame KRR-KRR} 31. Rgd3 Rc8 (31... d5 {is a better defense.} 32. cxd5 exd5 33. Rxd5 Rxd5 34. Rxd5 a4 35. Rd8+ Kg7 36. Rd7+ Rf7) 32. Rxd6 Rxc4 (32... Rf7 $142 33. Rc1 (33. Rxe6 Rxc4 34. Ra6 Kg7 $16) 33... Rb7) 33. Rd7 Kg8 {If only Black now had time for ...Rf7....} 34. Rxa7 Rf7 35. b6 {[%cal Bb5b6,Bb6b7][%mdl 32]} Rc8 36. Rdd7 Rxd7 37. Rxd7 Rc1+ 38. Kh2 Rc8 39. b7 {[%cal Rb7c8]} Rb8 40. Rc7 {Precision: White = 82%, Black = 28%.} 1-0

[Event "XII Americas Continental-ch 2017"]
[Site "Medellin"]
[Date "2017.06.11"]
[Round "1"]
[White "Cruz, Cristhian"]
[Black "Castano, Jhon Edison"]
[Result "*"]
[WhiteElo "2558"]
[BlackElo "2088"]
[Annotator "TA"]
[PlyCount "38"]
[EventDate "2017.??.??"]
[EventType "swiss"]
[EventCountry "COL"]
[SourceTitle "playchess.com"]
[Source "ChessBase"]
[SourceQuality "1"]

{[%evp 25,33,14,15,10,15,0,43,31,22,27]} 1. d4 Nf6 2. c4 g6 3. Nc3 d5 4. cxd5 Nxd5 5. e4 Nxc3 6. bxc3 Bg7 7. Be3 c5 8. Rc1 Qa5 9. Qd2 O-O 10. Nf3 Rd8 11. d5 e6 12. Be2 {D85: Exchange Grünfeld: Unusual White 7th moves and lines with 7 Nf3} (12. d6 Qa4 13. h4 Qxe4 14. h5 Qd5 15. Qc2 Rxd6 16. hxg6 hxg6 17. Ng5 Nc6 18. Ne4 Rd7 19. Bg5 Bxc3+ 20. Qxc3 Qxe4+ {0-1 (40) Harikrishna,P (2750)-Svidler,P (2755) Moscow 2017}) 12... exd5 13. exd5 Nc6 {LiveBook: 4 Games} 14. Bg5 f6 15. Bf4 Be6 (15... c4 $5) 16. c4 {[#] Strongly threatening Qxa5.} Nb4 $1 17. O-O {Predecessor:} Bf7 $146 18. Ra1 Qa3 19. Bd1 Re8 {½-½ (58) Sohal,T (2331)-Wu,R (2106) Victoria 2015} *

[Event "XII Americas Continental-ch 2017"]
[Site "Medellin"]
[Date "2017.06.11"]
[Round "1"]
[White "Cruz, Cristhian"]
[Black "Castano, Jhon Edison"]
[Result "1-0"]
[WhiteElo "2558"]
[BlackElo "2088"]
[Annotator "TA"]
[PlyCount "67"]
[EventDate "2017.??.??"]
[EventType "swiss"]
[EventCountry "COL"]
[SourceTitle "playchess.com"]
[Source "ChessBase"]
[SourceQuality "1"]

{[%evp 25,67,0,16,12,11,12,29,32,37,40,120,55,42,35,89,86,71,30,71,71,65,81,66,64,81,39,56,45,50,19,22,18,25,21,16,14,27,18,114,121,161,145,225,137]} 1. d4 Nf6 2. c4 g6 3. Nc3 d5 4. cxd5 Nxd5 5. e4 Nxc3 6. bxc3 Bg7 7. Be3 c5 8. Rc1 Qa5 9. Qd2 O-O 10. Nf3 Rd8 11. d5 e6 12. Be2 {D85: Exchange Grünfeld: Unusual White 7th moves and lines with 7 Nf3} (12. d6 Qa4 13. h4 Qxe4 14. h5 Qd5 15. Qc2 Rxd6 16. hxg6 hxg6 17. Ng5 Nc6 18. Ne4 Rd7 19. Bg5 Bxc3+ 20. Qxc3 Qxe4+ {0-1 (40) Harikrishna,P (2750)-Svidler,P (2755) Moscow 2017}) 12... exd5 13. exd5 Nc6 {LiveBook: 4 Games} 14. Bg5 {The position is equal.} f6 15. Bf4 Be6 (15... c4 $5) 16. c4 Nb4 $1 17. O-O Bf5 $146 {[#]} (17... Bf7 $14) ({Predecessor:} 17... Bf7 18. Ra1 Qa3 19. Bd1 Re8 {½-½ (58) Sohal,T (2331)-Wu,R (2106) Victoria 2015}) 18. Ra1 ({Better is} 18. a3 $1 $16 {[%cal Ra3b4]} Qxa3 19. Ra1) 18... Qa3 $14 19. Rfc1 g5 ({Black should try} 19... Re8 $14) 20. Be3 $16 b6 21. Ne1 (21. Rc3 $5 {[%cal Rc3a3]} Qa4 22. h3 $14) 21... Rd7 22. Rc3 Qa4 23. Bd1 {[%cal Be2d1,Bd1b3,Bb3a4,Ba4c6][%mdl 32]} Qa6 24. Qb2 {Strongly threatening a3.} Rad8 25. Bb3 {Black must now prevent a3.} Qc8 26. a3 Na6 27. Rd1 Nc7 28. a4 Ne8 29. a5 $36 {[%mdl 2048] White has the initiative.} Nd6 30. Ba4 Rb7 31. axb6 Rxb6 (31... axb6 $11 {remains equal.} 32. Bc6 Rb8) 32. Qe2 Rb4 {[#]} 33. Bc6 $1 Nb7 (33... Ne4 $16 34. Ra3 Bf8) 34. Rcc1 {Precision: White = 57%, Black = 38%.} 1-0

[Event "XII Americas Continental-ch 2017"]
[Site "Medellin"]
[Date "2017.06.11"]
[Round "1"]
[White "Bacallao Alonso, Yusnel"]
[Black "Gonzalez, Eleicer"]
[Result "1-0"]
[WhiteElo "2554"]
[BlackElo "2078"]
[Annotator "TA"]
[PlyCount "101"]
[EventDate "2017.??.??"]
[EventType "swiss"]
[EventCountry "COL"]
[SourceTitle "playchess.com"]
[Source "ChessBase"]
[SourceQuality "1"]

{[%evp 9,101,32,35,44,75,50,57,45,59,39,50,35,45,0,0,-9,0,-11,-8,-14,9,0,41,26,27,0,19,21,20,25,32,27,47,47,47,43,45,35,41,34,50,11,23,0,0,0,0,0,0,0,0,0,0,0,93,-12,-12,-16,-13,-18,-10,-31,-14,-25,-23,-35,-8,-8,-8,-102,502,439,812,774,29987,29988,29988,29989,29989,29990,29990,29991,29991,29969,29969,29970,4933,29962,29966,29966,29967,29968,29968,29940]} 1. Nf3 Nf6 2. c4 d6 3. d4 Bg4 4. Qb3 b6 (4... Qc8 5. Nc3 g6 6. h3 Bxf3 7. exf3 Bg7 8. Be2 O-O 9. Be3 e5 10. dxe5 dxe5 11. f4 Nc6 12. fxe5 Nxe5 13. O-O {½-½ (27) Donchenko,A (2569)-Krasenkow,M (2610) Drancy 2016}) 5. g3 g6 $146 ({Predecessor:} 5... e6 6. Bg2 Bxf3 7. Bxf3 d5 8. Nc3 c6 9. cxd5 exd5 10. O-O Be7 11. Bg5 Nbd7 12. e4 dxe4 13. Nxe4 {1-0 (41) Sorokin,A (2085)-Nuretdinov,A (1881) Porto Carras 2013}) 6. Bg2 {A53: Old Indian Defence without Nf3} c6 7. O-O (7. h3 $5 {[%cal Rh3g4]} Bc8 8. O-O $16) 7... Bg7 8. Nc3 {White is slightly better.} O-O 9. e4 Nbd7 10. Be3 e5 11. d5 ({White should try} 11. Rad1 $14) 11... cxd5 $11 12. cxd5 Nc5 13. Bxc5 bxc5 14. Nd2 Rb8 15. Qc2 Qd7 16. Nc4 Qc7 17. Rfe1 Rb4 18. Bf1 Bd7 19. a3 Rb7 20. a4 Rfb8 {[#]} 21. Nb5 $1 {[%mdl 512]} Bxb5 22. axb5 Rxb5 23. Ra6 Bf8 24. Rea1 {[%mdl 1024] White has compensation.} R8b7 25. Bh3 Ne8 26. R1a2 Qb8 27. Rc6 Nc7 28. Bf1 Rb4 29. Nxd6 Rxb2 30. Rxb2 Rxb2 31. Qc3 Rb6 (31... Rb1 $11 32. Nc4 (32. Qxe5 Bxd6 33. Qxd6 Qb5 $11) 32... Nb5 33. Qxe5 Qd8) 32. Rxb6 ({Don't go for} 32. Qxc5 $2 Ne8 $19) (32. Qxe5 $16 {Threatens to win with Nxf7!} Nxd5 33. Qxd5 Bxd6 34. Bc4) 32... axb6 33. Nc4 Bg7 34. Qb3 b5 35. Na5 Qb6 36. Nc6 (36. Nc4 $5 {[%cal Rc4b6]} Qb8 37. d6 $15) 36... Bf6 37. h4 Kg7 38. h5 b4 39. Qf3 (39. Kg2 $11 {remains equal.}) 39... h6 $2 {[%mdl 8192] [#]} (39... Ne8 $17 {stays on course. aiming for ...b3.} 40. Qb3 gxh5) 40. hxg6 $1 $18 fxg6 {[#]} (40... Ne6 $142 41. gxf7 Nf8 42. Qg4+ Bg5) 41. Qg4 $1 {[%cal Rg4d7]} Ne8 42. Qd7+ Kf8 43. d6 h5 44. Bc4 {[%csl Gc4][%cal Rd7f7]} Nxd6 45. Qxd6+ Kg7 46. Qe6 Qc7 47. Kg2 Qb7 48. Bd5 Qc7 {White mates.} 49. Kh3 g5 50. Kg2 Kg6 {[#]} 51. f4 $1 {Precision: White = 51%, Black = 49%.} 1-0

[Event "XII Americas Continental-ch 2017"]
[Site "Medellin"]
[Date "2017.06.11"]
[Round "1"]
[White "Bacallao Alonso, Yusnel"]
[Black "Gonzalez Feliz, Jesus Eliezer"]
[Result "1-0"]
[WhiteElo "2554"]
[BlackElo "1845"]
[Annotator "TA"]
[PlyCount "101"]
[EventDate "2017.??.??"]
[EventType "swiss"]
[EventCountry "COL"]
[SourceTitle "playchess.com"]
[Source "ChessBase"]
[SourceQuality "1"]

{[%evp 9,101,39,34,25,62,45,50,54,57,45,45,33,47,0,0,0,-4,0,0,0,9,-9,53,29,25,10,25,25,22,22,22,20,40,40,40,40,41,38,45,42,33,0,27,0,0,0,0,0,0,0,0,0,0,0,95,-15,-15,-16,-10,-10,-11,-21,-22,-37,-41,-45,-1,-3,-4,-97,431,296,878,937,29987,29988,29988,29989,29989,29990,29990,29991,29990,12814,5918,6823,5918,5718,5025,2091,29987,9239,2413,2073]} 1. Nf3 Nf6 2. c4 d6 3. d4 Bg4 4. Qb3 b6 (4... Qc8 5. Nc3 g6 6. h3 Bxf3 7. exf3 Bg7 8. Be2 O-O 9. Be3 e5 10. dxe5 dxe5 11. f4 Nc6 12. fxe5 Nxe5 13. O-O {½-½ (27) Donchenko,A (2569)-Krasenkow,M (2610) Drancy 2016}) 5. g3 g6 $146 ({Predecessor:} 5... e6 6. Bg2 Bxf3 7. Bxf3 d5 8. Nc3 c6 9. cxd5 exd5 10. O-O Be7 11. Bg5 Nbd7 12. e4 dxe4 13. Nxe4 {1-0 (41) Sorokin,A (2085)-Nuretdinov,A (1881) Porto Carras 2013}) 6. Bg2 {A53: Old Indian Defence without Nf3} c6 7. O-O Bg7 8. Nc3 {White is slightly better.} O-O 9. e4 Nbd7 10. Be3 e5 11. d5 (11. Rad1 $14) 11... cxd5 $11 12. cxd5 Nc5 13. Bxc5 bxc5 14. Nd2 Rb8 15. Qc2 Qd7 (15... Bd7 $11) 16. Nc4 (16. f3 $5 {[%cal Rf3g4]} Bh3 17. Bxh3 Qxh3 18. Nc4 $14) 16... Qc7 17. Rfe1 Rb4 18. Bf1 Bd7 19. a3 Rb7 20. a4 Rfb8 {[#]} 21. Nb5 $1 {[%mdl 512]} Bxb5 22. axb5 Rxb5 23. Ra6 Bf8 24. Rea1 {[%mdl 1024] White has compensation.} R8b7 25. Bh3 Ne8 26. R1a2 Qb8 27. Rc6 {Hoping for Rc8.} Nc7 28. Bf1 Rb4 29. Nxd6 Rxb2 30. Rxb2 Rxb2 31. Qc3 Rb6 (31... Rb1 $1 $11 32. Nc4 (32. Qxe5 Bxd6 33. Qxd6 Qb5 $11) 32... Nb5 33. Qxe5 Qd8) 32. Rxb6 ({Wrong is} 32. Qxc5 $2 Ne8 $19) (32. Qxe5 $16 {Strongly threatening Nxf7!} Nxd5 33. Qxd5 Bxd6 34. Bc4) 32... axb6 33. Nc4 Bg7 34. Qb3 b5 35. Na5 Qb6 36. Nc6 Bf6 37. h4 Kg7 38. h5 b4 39. Qf3 (39. Kg2 $11) 39... h6 $2 {[%mdl 8192] [#]} (39... Ne8 $17 {and life is bright. Threatens to win with ...b3.} 40. Qb3 Nd6) 40. hxg6 $1 $18 fxg6 $2 {[#]} (40... Kxg6 41. Qg4+ Kh7) 41. Qg4 $1 {[%cal Rg4d7]} Ne8 42. Qd7+ Kf8 43. d6 h5 44. Bc4 {[%csl Gc4][%cal Rd7f7]} Nxd6 45. Qxd6+ Kg7 46. Qe6 (46. Qd7+ $142 Kh6 47. Bg8 Qxc6 48. Qxc6 Kg7 49. Qe6 Kh8 50. Qe8 Bg7 51. Bf7+ Kh7 52. Bxg6+ Kh6 53. Bf5 Kg5 54. Qg6#) 46... Qc7 47. Kg2 Qb7 48. Bd5 Qc7 49. Kh3 g5 50. Kg2 (50. Qg8+ $142 Kh6 51. Bf7 Bg7 52. Be8 g4+ 53. Kg2 Qd6 54. Qf7 Kh7 55. Ne7) 50... Kg6 {[#]} 51. f4 $1 {Precision: White = 48%, Black = 50%.} 1-0